书目信息 |
| 题名: |
哲罗鲑投喂模式的建立及应用
|
|
| 作者: | 王常安, , 刘红柏, , 张永泉 主编 | |
| 分册: | ||
| 出版信息: | 哈尔滨 黑龙江科学技术出版社 2022.09 |
|
| 页数: | 163页 | |
| 开本: | 26cm | |
| 丛书名: | ||
| 单 册: | ||
| 中图分类: | S965.232 | |
| 科图分类: | ||
| 主题词: | 鲑科--gui ke--鱼类养殖 | |
| 电子资源: | ||
| ISBN: | 978-7-5719-1553-7 | |
| 000 | 01063nam0 2200265 450 | |
| 001 | CAL 012022053933 | |
| 005 | 20230217093112.0 | |
| 010 | @a978-7-5719-1553-7@dCNY65.00 | |
| 100 | @a20221118d2022 em y0chiy0120 ea | |
| 101 | 0 | @achi |
| 102 | @aCN@b230000 | |
| 105 | @aa a 000yy | |
| 106 | @ar | |
| 200 | 1 | @a哲罗鲑投喂模式的建立及应用@Azhe luo gui tou wei mo shi de jian li ji ying yong@f王常安, 刘红柏, 张永泉主编 |
| 210 | @a哈尔滨@c黑龙江科学技术出版社@d2022.09 | |
| 215 | @a163页@c图@d26cm | |
| 320 | @a有书目 (第143-163页) | |
| 330 | @a本书主要包括: 鱼类投喂模式概述 ; 哲罗鲑不可逆生长点的确定 ; 延迟初次投喂对哲罗鲑仔鱼生长和存活的影响 ; 哲罗鲑仔稚鱼摄食感觉器官的发育与摄食强度的关系 ; 饥饿对哲罗鲑仔鱼消化器官与组织学影响 ; 哲罗鲑仔稚鱼的人工开口饵料投喂模式等。 | |
| 606 | 0 | @a鲑科@Agui ke@x鱼类养殖 |
| 690 | @aS965.232@v5 | |
| 701 | 0 | @a王常安,@Awang chang an@f1981-@4主编 |
| 701 | 0 | @a刘红柏,@Aliu hong bo@f1970-@4主编 |
| 701 | 0 | @a张永泉@Azhang yong quan@4主编 |
| 801 | 0 | @aCN@bBJXHZP@c20230228 |
| 905 | @b1386080-3@dS965.232@e73@f4 | |
| 哲罗鲑投喂模式的建立及应用/王常安, 刘红柏, 张永泉主编.-哈尔滨:黑龙江科学技术出版社,2022.09 |
| 163页:图;26cm |
| ISBN 978-7-5719-1553-7:CNY65.00 |
| 本书主要包括: 鱼类投喂模式概述 ; 哲罗鲑不可逆生长点的确定 ; 延迟初次投喂对哲罗鲑仔鱼生长和存活的影响 ; 哲罗鲑仔稚鱼摄食感觉器官的发育与摄食强度的关系 ; 饥饿对哲罗鲑仔鱼消化器官与组织学影响 ; 哲罗鲑仔稚鱼的人工开口饵料投喂模式等。 |
| ● |
| 相关链接 |
|
|
|
|
正题名:哲罗鲑投喂模式的建立及应用
索取号:S965.232/73
 
预约/预借
| 序号 | 登录号 | 条形码 | 馆藏地/架位号 | 状态 | 备注 |
| 1 | 1386080 | 213860801 | 第二样本阅览室/ [索取号:S965.232/73] | 在馆 | |
| 2 | 1386081 | 213860810 | 第三借阅区/ [索取号:S965.232/73] | 在馆 | |
| 3 | 1386082 | 213860829 | 第三借阅区/ [索取号:S965.232/73] | 在馆 | |
| 4 | 1386083 | 213860838 | 第三借阅区/ [索取号:S965.232/73] | 在馆 |